| 000 | 00765nam a2200217 i 4500 | ||
|---|---|---|---|
| 001 | 130221 | ||
| 003 | ES-MaACL | ||
| 005 | 20230906193656.0 | ||
| 007 | t| | ||
| 008 | 070724s1963 sp ||||1| baq d | ||
| 100 | 1 |
_aZabala, Alfonso María. _9117775 |
|
| 245 | 1 | 0 |
_aPeriyaren zalapartak ; Melitona'ren bi senarrak / _cAlfonso María Zabala . Mendibe'tarren larriyak / A. Larraitz. Utzi bearko! ; Gizon bikañak / Juan Mir. |
| 260 |
_aTolosa : _bAuspoa, _c1963 ( _eSan Sebastián : _fGráf. Izarra) |
||
| 300 |
_a144 p. ; _c18 cm. |
||
| 490 | 1 |
_aAuspoa liburutegia ; _v26 |
|
| 700 | 1 |
_aLarraitz, A. _970301 |
|
| 700 | 1 |
_aMir, Juan. _981422 |
|
| 830 | 0 |
_aAuspoa liburutegia ; _v26 _9181493 |
|
| 852 |
_aES-MaACL _jC-24948 _bR.53095 |
||
| 999 |
_c130221 _d130221 |
||